Effective communications: communication skills / (Record no. 290618)
[ view plain ]
| 000 -LEADER | |
|---|---|
| fixed length control field | 00411nam a2200133Ia 4500 |
| 008 - FIXED-LENGTH DATA ELEMENTS--GENERAL INFORMATION | |
| fixed length control field | 160216s9999 xx 000 0 und d |
| 100 ## - MAIN ENTRY--PERSONAL NAME | |
| Personal name | Team FME |
| 245 ## - TITLE STATEMENT | |
| Title | Effective communications: communication skills / |
| 245 ## - TITLE STATEMENT | |
| Statement of responsibility, etc | Team FME. |
| 260 ## - PUBLICATION, DISTRIBUTION, ETC. (IMPRINT) | |
| Date of publication, distribution, etc | 2013 |
| 650 ## - SUBJECT ADDED ENTRY--TOPICAL TERM | |
| General subdivision | Communication skills. |
| 650 ## - SUBJECT ADDED ENTRY--TOPICAL TERM | |
| General subdivision | Effective communication. |
| 856 ## - ELECTRONIC LOCATION AND ACCESS | |
| Uniform Resource Identifier | <a href="http://media.wix.com/ugd/f47560_3c1db24e348a4c68806b357dd63a904d.pdf">http://media.wix.com/ugd/f47560_3c1db24e348a4c68806b357dd63a904d.pdf</a> |
| Withdrawn status | Lost status | Damaged status | Home library | Current library | Date acquired | Total Checkouts | Date last seen | Price effective from | Koha item type |
|---|---|---|---|---|---|---|---|---|---|
| College Library | College Library | 02/16/2016 | 02/16/2016 | 02/16/2016 | Curriculum - Based eBooks |